Význam drevených chrámov a kostolov v cestovnom ruchu na Slovensku bakalárska práca

Na minha lista:
Detalhes bibliográficos
Autor principal: Árvayová, Andrea
Autor Corporativo: Obchodná fakulta EU. Katedra služieb a cestovného ruchu - zrušené
Outros Autores: Litomerický, Juraj
Formato: Livro
Idioma:eslovaco
Publicado em: Bratislava 2011
Tags: Adicionar Tag
Sem tags, seja o primeiro a adicionar uma tag!

MARC

LEADER 00000nbm a2200000 4500
001 0132024
005 20161109111426.8
041 0 |a slo 
044 |a SK 
245 1 0 |a Význam drevených chrámov a kostolov v cestovnom ruchu na Slovensku  |b bakalárska práca  |c Andrea Árvayová ; školiteľ: Juraj Litomerický 
264 1 |a Bratislava  |c 2011 
300 |a 56 s. 
100 1 |a Árvayová, Andrea 
700 1 |a Litomerický, Juraj 
710 2 |a Obchodná fakulta EU. Katedra služieb a cestovného ruchu - zrušené